000 00496nam a22001697a 4500
999 _c216470
_d216470
005 20260320163335.0
008 260320b ||||| |||| 00| 0 eng d
020 _a0869750852
040 _aLC
_cUNZA
050 _aHD 6870
_bESS
245 _aEssays in Southern Africa labour history /
_cedited by Eddie Webster
260 _aJohannesburg
_bRAVAN Press
_c1986
300 _a247 pages
650 _2LC
_aLabor movement
_vAfrica, Southern
700 _aWebster, Eddie
_eEditor
942 _2lcc
_cBOOK